Evaluating technology for new farming systems : (Record no. 14299)

000 -LEADER
fixed length control field 00670cam a2200217 a 4500
020 ## - INTERNATIONAL STANDARD BOOK NUMBER
ISBN 9711040794 (pbk.)
040 ## - CATALOGING SOURCE
Transcribing agency DLC
082 00 - DEWEY DECIMAL CLASSIFICATION NUMBER
Classification number 338 INT 1983 A066 Or.
100 1# - MAIN ENTRY--AUTHOR NAME
Personal name Barlow, Colin,
245 10 - TITLE STATEMENT
Title Evaluating technology for new farming systems :
Remainder of title case studies from Philippine rice farms /
260 ## - PUBLICATION, DISTRIBUTION, ETC. (IMPRINT)
Place of publication Los Baños, Laguna, Philippines :
Name of publisher International Rice Research Institute,
Year of publication 1983.
300 ## - PHYSICAL DESCRIPTION
Number of Pages 110 p. :
Other physical details ill. ;
Dimensions 24 cm.
500 ## - GENERAL NOTE
General note Includes index.
650 #0 - SUBJECT ADDED ENTRY--TOPICAL TERM
Topical Term Agricultural innovations
650 #0 - SUBJECT ADDED ENTRY--TOPICAL TERM
Topical Term Agricultural systems
650 #0 - SUBJECT ADDED ENTRY--TOPICAL TERM
Topical Term Multiple cropping
650 #0 - SUBJECT ADDED ENTRY--TOPICAL TERM
Topical Term Rice
700 1# - ADDED ENTRY--PERSONAL NAME
Personal name Jayasuriya, S. K.
700 1# - ADDED ENTRY--PERSONAL NAME
Personal name Price, E. C.
942 ## - ADDED ENTRY ELEMENTS (KOHA)
Koha item type សៀវភៅភាសាអង់គ្លេស
952 ## - LOCATION AND ITEM INFORMATION (KOHA)
Withdrawn status [LOCAL, KOHA] 0
Holdings
Permanent Location Date acquired Koha item type Lost status Shelving location Barcode Current Location Full call number
Library Block A2017-10-12សៀវភៅភាសាអង់គ្លេស A066A13874Library Block A338 INT 1983 A066 Or.
មជ្ឈមណ្ឌលឯការនៃសាកលវិទ្យាល័យភូមិន្ទកសិកម្មចំការដូង

Powered by Koha